Hviezdy sú vede naklonené
Výskum vesmíru prostredníctvom gravitačných vĺn a Webbovho teleskopu.Pokroky vo vesmírnej turistike a v robotike. Prelom v liečbe nevyliečiteľných chorôb pomocou prepísanej DNA.
Saved in:
| Main Author: | |
|---|---|
| Format: | Book Chapter |
| Language: | Slovak |
| Subjects: | |
| Tags: |
No Tags, Be the first to tag this record!
|
MARC
| LEADER | 00000naa a2200000 4500 | ||
|---|---|---|---|
| 001 | 0238613 | ||
| 005 | 20180109125824.1 | ||
| 041 | 0 | |a slo | |
| 044 | |a SK | ||
| 245 | 1 | 0 | |a Hviezdy sú vede naklonené |c Vladimír Duduc |
| 520 | |a Výskum vesmíru prostredníctvom gravitačných vĺn a Webbovho teleskopu.Pokroky vo vesmírnej turistike a v robotike. Prelom v liečbe nevyliečiteľných chorôb pomocou prepísanej DNA. | ||
| 610 | 2 | 0 | |a astronómia |
| 610 | 2 | 0 | |a výskum kozmický |
| 610 | 2 | 0 | |a inteligencia umelá |
| 610 | 2 | 0 | |a robotizácia |
| 610 | 2 | 0 | |a genetika |
| 610 | 2 | 0 | |a liečivá |
| 100 | 1 | |a Duduc, Vladimír | |